Poética y realidad en el cancionero penínsular de la Edad Media

Gorde:
Xehetasun bibliografikoak
Egile nagusia: Asensio, Eugenio
Formatua: Liburua
Hizkuntza:Undetermined
Argitaratua: Madrid, España Gredos 1957
Gaiak:
Etiketak: Etiketa erantsi
Etiketarik gabe, Izan zaitez lehena erregistro honi etiketa jartzen!

MARC

LEADER 00000nam a2200000Ia 4500
008 170316s9999 xx 000 0 und d
090 |a 801 A-30p 
100 |a Asensio, Eugenio 
245 |a Poética y realidad en el cancionero penínsular de la Edad Media 
260 |a Madrid, España 
260 |b Gredos 
260 |c 1957 
300 |a 288 páginas 
650 |a TEORÍA LITERARIA 
650 |a LITERATURA ESPAÑOLA - POÉTICA 
650 |a CANTIGAS 
999 |c 20035  |d 20035 
040 |a cru BVZT 
942 |c 15 D  |h 801 A-30p  |2 z